| 000 | 00000nam 2200000zi 4500 |
| 001 | 9.932908 |
| 003 | CaOODSP |
| 005 | 20241120161613 |
| 006 | m o d f |
| 007 | cr mn||||||||| |
| 008 | 240125e197908 onc o f000 0 eng d |
| 040 | |aCaOODSP|beng|erda|cCaOODSP |
| 043 | |an-cn---|an-us--- |
| 086 | 1 |aC2-669/1979E-PDF |
| 245 | 04|aThe U.S.A. market for Canadian cheese : |b(the U.S.A. market for variety cheeses and aged Canadian cheddar). |
| 246 | 34|aExport Market Development Task Force working paper : |bthe U.S.A. market for Canadian cheese |
| 264 | 1|a[Ottawa] : |bIndustry, Trade and Commerce = Industrie et Commerce, |cAugust 1979. |
| 300 | |a1 online resource (52 pages) |
| 336 | |atext|btxt|2rdacontent |
| 337 | |acomputer|bc|2rdamedia |
| 338 | |aonline resource|bcr|2rdacarrier |
| 500 | |aDigitized edition from print [produced by Innovation, Science and Economic Development Canada]. |
| 500 | |aIssued also in French under title: Le marché américain pour les fromages canadiens : (les États-Unis comme marché d'exportation pour les fromages de spécialité et le cheddar vielli canadiens). |
| 500 | |a"A working paper prepared for the Export Market Development Task Force." |
| 650 | 0|aCheese industry|zCanada. |
| 710 | 1 |aCanada. |bIndustry, Trade and Commerce, |eissuing body. |
| 775 | 08|tLe marché américain pour les fromages canadiens : |w(CaOODSP)9.945394 |
| 856 | 40|qPDF|s703 KB|uhttps://publications.gc.ca/collections/collection_2024/isde-ised/c2/C2-669-1979-eng.pdf |